000 00453nam a2200181Ia 4500
005 20250603145410.0
008 250603s9999 xx 000 0 und d
020 _a9789514239
050 _aDT 515.846 .P33/
100 _aPaden, John N.
245 0 _aMuhammadu Buhari: the challenges of leadership in Nigeria
260 _aZaria
260 _bHuda Huda Publishing Company
260 _c2016
300 _a281 p
650 _aZaria
942 _cBK
999 _c41745
_d41745